Etre à la hateur - Le roi Soleil (comédie musicale) - Statistiques

Statistiques générales
  • Ce quiz a été pris 206 fois
  • Le résultat moyen est 45 sur 55
Statistiques - réponses
Réponse Réponse Réponse Réponse % Correct
a à surmonter enfin
95%
à un chaque la
95%
l' devoir jour hauteur
94%
c' qu'on faut hauteur plus
93%
j' les jusqu'à sans plus
93%
d' etre de défendre la
92%
d' un à la
92%
le surmonter être et à
91%
le peur la pas hauteur
91%
le appel peur plus
91%
de avoir être à
90%
de d' hauteur ne
90%
est vous il être répondre
90%
un demande vraiment à à
90%
un à ce de hauteur
90%
Je etre qui à hauteur
89%
je commun demande être peur
89%
jour hauteur à d'être mortel
88%
jour ce mais la ne
88%
jour ce s'y la l'appel
88%
n' répondre et mortel
88%
en autres la jamais avoir
87%
me à n' la autrement
87%
après de rien à enfin
86%
ordinaire que soumettre hauteur ne
86%
qu' chaque autres autrement hauteur
85%
lève la mène hauteur que
84%
connais attendent fin en peur
81%
déjà et pour descendre d'être
81%
faire mortels que la à
81%
faire rôle d'être la
81%
que du vous vainqueur avoir
80%
dois des ce à d'être
79%
on jour attendent que
79%
parcours la qu' vouloir ne
79%
pour pour à être
79%
cours sa à ne la
77%
nécessaire hauteur on en plus
77%
jamais l' sa ne
76%
poids d' hateur se à
76%
choix et d' répondre
73%
mais mettre avoir hauteur
73%
sa être du plus
73%
parce pour les hauteur la
71%
qui la des peur
70%
ses à à l'
70%
nous hauteur mortels d'être
68%
quoi un coeur à
68%
étroit quotidien répondre à
66%
enferme c'est pour à
65%
murs coeur la appel
64%
terre à commun avoir
64%
une costume l' hauteur
64%
solitaire faut et la
63%
grandeur qu'il appel à
58%
Aucun quiz correspondant
Distribution des résultats
% des personnes avec chaque résultat
Percentile par nombre de réponses
Votre historique - résultats
Vous n’avez pas pris ce quiz